[Event "Daro"]
[Site "SchemingMind.com"]
[Date "2016.01.08"]
[Round "-"]
[White "Quaff"]
[Black "Chessibelle"]
[Result "1-0"]
[WhiteCountry "ENG"]
[BlackCountry "ENG"]
[WhiteElo "1633"]
[WhiteRD "69"]
[BlackElo "1175"]
[BlackRD "62"]
[GameID "393469"]

1. e4 e5 2. Nf3 Nc6 3. Bc4 h6 4. c3 d6 5. d3 Nf6 6. h3 Be7 7. Nh2 O-O 8. O-O g5 9. f3 Na5 10. Bb3 b6
11. Be3 Nc6 12. Ng4 Nh5 13. Nxh6+ Kh7 14. Nf5 Nf4 15. Bxf4 gxf4 16. Bd5 Bd7 17. Nd2 Bg5 18. b4 Ne7 19. Nxe7 Qxe7 20. Bxa8 Rxa8
21. a4 Bc6 22. b5 Bb7 23. Re1 Bc8 24. Nf1 Bh4 25. Re2 Qg5 26. Kh1 Be6 27. c4 Bd7 28. a5 Rg8 29. axb6 Qd8 30. bxa7 Qa8
31. Kh2 Bc8 32. Rea2 Bb7 33. Qb3 f6 34. c5 d5 35. c6 Bc8 36. Qxd5 Rg7 37. Rb2 Kh6 38. b6 Bg5 39. b7 Bxb7 40. cxb7 Qe8
41. b8=Q Qe7 42. a8=Q c5 43. Ra7
1-0

[Event "Daro"]
[Site "SchemingMind.com"]
[Date "2016.01.08"]
[Round "-"]
[White "Chessibelle"]
[Black "Quaff"]
[Result "0-1"]
[WhiteCountry "ENG"]
[BlackCountry "ENG"]
[WhiteElo "1175"]
[WhiteRD "62"]
[BlackElo "1633"]
[BlackRD "69"]
[GameID "393470"]

1. Nf3 d6 2. d4 h6 3. e3 Nf6 4. Nc3 c6 5. a3 Bg4 6. Be2 e6 7. O-O Bxf3 8. Bxf3 d5 9. g3 Bd6 10. Be2 Nbd7
11. Bd3 Qe7 12. b4 Nf8 13. f4 N6h7 14. Na4 Ng6 15. c3 O-O 16. e4 dxe4 17. Bxe4 f5 18. Bf3 Qc7 19. Qe2 Rae8 20. c4 Be7
21. Qxe6+ Kh8 22. Qxg6 Qd7 23. Bb2 Rf6 24. Qh5 Rff8 25. Nc3 Qxd4+ 26. Kg2 Qxc4 27. g4 Qxf4 28. Ne2 Qd2 29. Bc3 Qd7 30. Qxh6 Bf6
31. Qc1 fxg4 32. Bxg4 Qxg4+ 33. Ng3 Re2+ 34. Kh1 Re6 35. a4 Bxc3 36. Qxc3 Nf6 37. Rad1 Kg8 38. Qb3 Kh8 39. b5 cxb5 40. Rg1 Ne4
41. Rd3 Nf2+
0-1

[Event "Daro"]
[Site "SchemingMind.com"]
[Date "2016.01.18"]
[Round "-"]
[White "DANDYLIONHONEYBADGER"]
[Black "cnile"]
[Result "1-0"]
[WhiteCountry "USA"]
[BlackCountry "SCO"]
[WhiteElo "1297"]
[WhiteRD "64"]
[BlackElo "1451"]
[BlackRD "68"]
[GameID "393725"]

1. Nc3 d5 2. d4 Nf6 3. h3 Bf5 4. g4 Bg6 5. g5 Ne4 6. Nxe4 Bxe4 7. f3 Bg6 8. Bg2 e6 9. e4 Be7 10. Bd2 Bxg5
11. f4 Bh4+ 12. Kf1 Nc6 13. Nf3 Bh5 14. Be1 Nxd4 15. Qxd4 O-O 16. Bxh4 Qd7 17. Ne5 Qb5+ 18. Nd3 b6 19. a4 dxe4 20. axb5
1-0

[Event "Daro"]
[Site "SchemingMind.com"]
[Date "2016.01.18"]
[Round "-"]
[White "cnile"]
[Black "DANDYLIONHONEYBADGER"]
[Result "1-0"]
[WhiteCountry "SCO"]
[BlackCountry "USA"]
[WhiteElo "1508"]
[WhiteRD "68"]
[BlackElo "1331"]
[BlackRD "62"]
[GameID "393726"]

1. e4 e5 2. Nf3 Nc6 3. Bb5 a6 4. Ba4 b5 5. Bb3 Bb7 6. d3 Be7 7. c3 Nf6 8. Nbd2 d5 9. O-O O-O 10. Re1 a5
11. Nf1 a4 12. Bc2 Bc5 13. Ne3 d4 14. cxd4 Nxd4 15. Nxe5 Nxc2 16. Qxc2 Bd4 17. Nf3 Bb6 18. Nf5 Qd7 19. h3 Rae8 20. Be3 Bxe3
21. Rxe3 Rc8 22. Rc1 c5 23. a3 c4 24. dxc4 bxc4 25. Ne5 Qb5 26. Nxc4 g6 27. Nfd6 Rc6 28. Rc3 Ne8 29. Nxb7 Qxb7 30. Na5 Rxc3
31. Qxc3 Qxe4 32. Qc4 Nd6 33. Qxe4 Nxe4 34. Rc4 Nd2 35. Rd4= Ra8 36. Nc4 Nxc4 37. Rxc4 f5 38. g3 h5 39. Kg2 Kg7 40. h4 Kh6
41. Kf3 g5 42. Rc6+ Kg7 43. hxg5 Rf8 44. Kf4 Rf7 45. Rf6 Re7 46. Rxf5
1-0

[Event "Daro"]
[Site "SchemingMind.com"]
[Date "2016.01.19"]
[Round "-"]
[White "unomas2013"]
[Black "woodpr"]
[Result "1-0"]
[WhiteCountry "ESP"]
[BlackCountry "ENG"]
[WhiteElo "2306"]
[WhiteRD "138"]
[BlackElo "1470"]
[BlackRD "93"]
[GameID "393834"]

1. e4 c5 2. Nf3 Nc6 3. d4 e6 4. d5 exd5 5. exd5 Nd4 6. Nxd4 cxd4 7. Qxd4 d6 8. Bb5+ Bd7 9. Bxd7+ Qxd7 10. O-O Ne7
11. Re1 f6 12. Nc3 b6 13. Re6 h6 14. Ne4 Kf7 15. Rxd6 Qf5 16. Rxf6+ gxf6 17. Nd6+ Kg6 18. Nxf5 Nxf5 19. Qg4+ Kf7 20. Qxf5 Re8
21. Qh5+ Ke7 22. Bf4 Kd8 23. d6 Rh7 24. Qd5
1-0

[Event "Daro"]
[Site "SchemingMind.com"]
[Date "2016.01.19"]
[Round "-"]
[White "woodpr"]
[Black "unomas2013"]
[Result "0-1"]
[WhiteCountry "ENG"]
[BlackCountry "ESP"]
[WhiteElo "1533"]
[WhiteRD "91"]
[BlackElo "2330"]
[BlackRD "134"]
[GameID "393835"]

1. e4 e5 2. Bc4 Nf6 3. Qf3 c6 4. Nc3 b5 5. Bb3 b4 6. Na4 d5 7. d3 Be7 8. Bd2 dxe4 9. dxe4 Qc7 10. Ne2 c5
11. Bc4 Bd7 12. b3 O-O 13. Nb2 Nc6 14. h3 a5 15. O-O Nd4 16. Nxd4 cxd4 17. Nd3 Bc6 18. Bd5 Bxd5 19. exd5 e4 20. Bf4 Qxc2
21. Rfc1 Qxc1+ 22. Rxc1 exf3 23. g3 Nxd5 24. Be5 Rfc8 25. Rd1 Nc3 26. Ra1 f6 27. Bxd4 Ne2+
0-1

[Event "Daro"]
[Site "SchemingMind.com"]
[Date "2016.02.03"]
[Round "-"]
[White "frankly"]
[Black "Timaeus"]
[Result "1-0"]
[WhiteCountry "ENG"]
[BlackCountry "JPN"]
[WhiteElo "2439"]
[WhiteRD "55"]
[BlackElo "1339"]
[BlackRD "70"]
[GameID "394926"]

1. d4 e5 2. dxe5 f6 3. exf6 Nxf6 4. Nf3 d5 5. c4 b6 6. Nc3 Bb4 7. Qa4+ Nc6 8. Ne5 Bxc3+ 9. bxc3 Bd7 10. Nxc6 dxc4
11. Qxc4 Bxc6 12. Qxc6+ Nd7 13. Ba3 Kf7 14. Qd5+ Ke8 15. Qe6+
1-0

[Event "Daro"]
[Site "SchemingMind.com"]
[Date "2016.02.04"]
[Round "-"]
[White "Timaeus"]
[Black "frankly"]
[Result "0-1"]
[WhiteCountry "JPN"]
[BlackCountry "ENG"]
[WhiteElo "1377"]
[WhiteRD "70"]
[BlackElo "2433"]
[BlackRD "56"]
[GameID "394927"]

1. e4 c5 2. Bc4 e6 3. Nf3 a6 4. d4 cxd4 5. Nxd4 Nf6 6. O-O Nxe4 7. Re1 d5 8. Bb3 Nc6 9. Nxc6 bxc6 10. Be3 Bd6
11. f3 Nc5 12. Bxc5 Bxc5+ 13. Kh1 Rb8 14. Ba4 O-O 15. Bxc6 Rxb2 16. Nc3 Rb4 17. Rb1 Qc7 18. Bxd5 Rh4 19. g3 Qxg3 20. Qd2 Bf2
21. Qxf2 Qxf2 22. Re2 Rxh2#
0-1

[Event "Daro"]
[Site "SchemingMind.com"]
[Date "2016.02.03"]
[Round "-"]
[White "Scooter"]
[Black "redmike"]
[Result "0-1"]
[WhiteCountry "USA"]
[BlackCountry "SCO"]
[WhiteElo "1677"]
[WhiteRD "48"]
[BlackElo "2128"]
[BlackRD "73"]
[GameID "394969"]

1. d4 Nf6 2. Nf3 g6 3. Bf4 Bg7 4. e3 O-O 5. Be2 d6 6. O-O Nbd7 7. h3 c6 8. Nbd2 Re8 9. Bg5 h6 10. Bxf6 Bxf6
11. c4 e5 12. dxe5 dxe5 13. Ne4 Be7 14. Qc2 Qc7 15. a3 Nf6 16. Nxf6+ Bxf6 17. Rfd1 Bf5 18. Qc1 Rad8 19. Rxd8 Rxd8 20. Nd2 Bg7
21. g4 Be6 22. Ne4 b6 23. Qc2 f5 24. gxf5 gxf5 25. Ng3 e4 26. Rd1 Rxd1+ 27. Bxd1 Be5 28. Kg2 Qg7 29. b3 Qe7 30. Bh5 Qh4
31. Qd1 f4 32. Bg4 Bxg4
0-1

[Event "Daro"]
[Site "SchemingMind.com"]
[Date "2016.02.03"]
[Round "-"]
[White "redmike"]
[Black "Scooter"]
[Result "1-0"]
[WhiteCountry "SCO"]
[BlackCountry "USA"]
[WhiteElo "2128"]
[WhiteRD "73"]
[BlackElo "1677"]
[BlackRD "48"]
[GameID "394970"]

1. d4 Nf6 2. c4 g6 3. Nc3 Bg7 4. e4 d6 5. f4 Bg4 6. Nf3 O-O 7. Be2 Bxf3 8. Bxf3 Nbd7 9. O-O e5 10. fxe5 dxe5
11. d5 Rc8 12. Be3 a6 13. b4 Re8 14. c5 Bf8 15. Qd2 Nb8 16. Bg5 Nbd7 17. Bg4 Be7 18. Bxf6 Nxf6 19. Bxc8
1-0

[Event "Daro"]
[Site "SchemingMind.com"]
[Date "2016.02.05"]
[Round "-"]
[White "Darnell"]
[Black "Jari Laine"]
[Result "0-1"]
[WhiteCountry "CAN"]
[BlackCountry "FIN"]
[WhiteElo "1484"]
[WhiteRD "79"]
[BlackElo "2216"]
[BlackRD "95"]
[GameID "395061"]

1. e4 e5 2. Nf3 Nc6 3. Bc4 Bc5 4. O-O Nf6 5. c3 d6 6. d4 exd4 7. cxd4 Bb6 8. h3 h6 9. Nc3 O-O 10. Be3 Re8
11. Qb3 Qe7
0-1

[Event "Daro"]
[Site "SchemingMind.com"]
[Date "2016.02.15"]
[Round "-"]
[White "JAHI"]
[Black "Greg Magne"]
[Result "1-0"]
[WhiteCountry "INT"]
[BlackCountry "CAN"]
[WhiteElo "2075"]
[WhiteRD "54"]
[BlackElo "1777"]
[BlackRD "71"]
[GameID "395405"]

1. g3 d5 2. Bg2 e5 3. d3 f5 4. e3 Nf6 5. d4 e4 6. Ne2 c5 7. b3 Nc6 8. Bb2 Be6 9. Nd2 Bf7 10. a3 Bd6
11. c3 Qe7 12. c4 cxd4 13. exd4 g5 14. c5 Bc7 15. b4 Nd8 16. h3 Ne6 17. h4 gxh4 18. Rxh4 Ng4 19. Nxe4 dxe4 20. Rxg4 fxg4
21. d5 Ng5 22. d6 O-O-O 23. Qc1 Rxd6 24. cxd6 Qxd6 25. Bxh8 Nf3+ 26. Bxf3 exf3 27. Nd4 a6 28. Qg5 Bb6 29. Qf5+ Kd8 30. Qxf7 Bxd4
31. Bxd4
1-0

[Event "Daro"]
[Site "SchemingMind.com"]
[Date "2016.02.17"]
[Round "-"]
[White "Greg Magne"]
[Black "JAHI"]
[Result "0-1"]
[WhiteCountry "CAN"]
[BlackCountry "INT"]
[WhiteElo "1777"]
[WhiteRD "71"]
[BlackElo "2075"]
[BlackRD "54"]
[GameID "395406"]

1. e4 g6 2. d4 Bg7 3. Nf3 d6 4. c4 e6 5. Nc3 e5 6. d5 f6 7. Be3 f5 8. Bd3 f4 9. Bd2 g5 10. h3 h6
11. b4 a6 12. c5 h5 13. Qb3 g4 14. Ng1 g3 15. fxg3 fxg3 16. Nge2 h4 17. Rf1 Bh6 18. O-O-O Bxd2+ 19. Kxd2 Qg5+ 20. Kc2 Nf6
21. Rf3 Nbd7 22. cxd6 cxd6 23. Rdf1 Qg7 24. Qa4 Kd8 25. Nb5 Qe7 26. Nec3 Rf8 27. Na3 Ne8 28. Nc4 Rxf3 29. Rxf3 b6 30. Qc6 Rb8
31. Ne3 Ndf6 32. Nf5 Bxf5 33. Rxf5 a5 34. Nb5 Rc8
0-1

[Event "Daro"]
[Site "SchemingMind.com"]
[Date "2016.02.21"]
[Round "-"]
[White "Chessrube"]
[Black "Wojtek26"]
[Result "0-1"]
[WhiteCountry "USA"]
[BlackCountry "POL"]
[WhiteElo "1299"]
[WhiteRD "253"]
[BlackElo "1540"]
[BlackRD "62"]
[GameID "395694"]

1. Nf3 d5 2. c4 d4 3. d3 Nc6 4. b3 e5 5. Bb2 Nf6 6. g3 Bb4+ 7. Nbd2 e4 8. dxe4 Nxe4 9. a3 Bxd2+ 10. Nxd2 Nxd2
11. Qxd2 O-O 12. Bg2 Bg4 13. O-O Re8 14. Rfe1 Qd6 15. h3 Bh5 16. Bxc6 bxc6 17. g4 Bg6 18. Qxd4 Qxd4 19. Bxd4 Bc2 20. b4 Re4
21. e3 Re6 22. Rec1 Be4 23. b5 a6 24. bxa6 Rxa6 25. f4 g6 26. Rcb1 Bxb1 27. Rxb1 Re8 28. Ra1 Ra4
0-1

[Event "Daro"]
[Site "SchemingMind.com"]
[Date "2016.02.21"]
[Round "-"]
[White "Wojtek26"]
[Black "Chessrube"]
[Result "1-0"]
[WhiteCountry "POL"]
[BlackCountry "USA"]
[WhiteElo "1571"]
[WhiteRD "49"]
[BlackElo "1127"]
[BlackRD "179"]
[GameID "395695"]

1. d4 Nf6 2. c4 g6 3. e3 d5 4. Nf3 Bg7 5. Be2 O-O 6. O-O c6 7. c5 Nbd7 8. a3 Re8 9. b4 e5 10. dxe5 Nxe5
11. Nxe5 Rxe5 12. Bb2 Re8 13. Nd2 Bf5 14. Nf3 Bg4 15. h3 Bxf3 16. Bxf3 Ne4 17. Bxg7 Kxg7 18. Bxe4 Rxe4 19. f3 Re6 20. Qd4+ Qf6
21. Qxf6+ Rxf6 22. Rad1 a5 23. Ra1 Re6 24. Kf2 f5 25. g3 axb4 26. axb4 Rae8 27. Rfe1 g5 28. f4 Re4 29. Rab1 h6 30. fxg5 hxg5
31. b5 Rc4 32. bxc6 bxc6 33. Rbc1 Ree4 34. Kf3 Kf6 35. Kf2 f4 36. gxf4 gxf4 37. exf4 Rxf4+ 38. Kg3 Rfd4 39. Rf1+ Kg5 40. Rfe1 Rd3+
41. Kg2
1-0

[Event "Daro"]
[Site "SchemingMind.com"]
[Date "2016.02.22"]
[Round "-"]
[White "dadshane2000"]
[Black "clare1347"]
[Result "0-1"]
[WhiteCountry "USA"]
[BlackCountry "ENG"]
[WhiteElo "1906"]
[WhiteRD "89"]
[BlackElo "2340"]
[BlackRD "90"]
[GameID "395763"]

1. e4 d5 2. exd5 Nf6 3. d4 Bg4 4. f3 Bf5 5. Bb5+ Nbd7 6. g4 Bg6 7. Nc3 a6 8. Ba4 b5 9. Bb3 Nb6 10. a4 bxa4
11. Nxa4 Nfxd5 12. Ne2 a5 13. Bd2 e6 14. c4 Nb4 15. Bxb4 Bxb4+ 16. Nec3 Qh4+ 17. Ke2 O-O-O 18. Nxb6+ cxb6 19. Nb5 e5 20. d5 e4
21. Na7+ Kb7 22. Nb5 exf3+ 23. Kxf3 Qh3+ 24. Kf2 Be4
0-1

[Event "Daro"]
[Site "SchemingMind.com"]
[Date "2016.02.22"]
[Round "-"]
[White "clare1347"]
[Black "dadshane2000"]
[Result "1-0"]
[WhiteCountry "ENG"]
[BlackCountry "USA"]
[WhiteElo "2340"]
[WhiteRD "90"]
[BlackElo "1906"]
[BlackRD "89"]
[GameID "395764"]

1. d4 Nf6 2. c4 g6 3. g3 Bg7 4. Bg2 c5 5. Nf3 Qa5+ 6. Bd2 Qb6 7. Nc3 cxd4 8. Na4 Qd6 9. O-O Nc6 10. c5 Qc7
11. b4 a6 12. Bf4 e5 13. Nxe5 Qd8 14. Nb6 Ra7 15. Nec4 Bf8 16. Bg5 Be7 17. Bxf6
1-0

[Event "Daro"]
[Site "SchemingMind.com"]
[Date "2016.03.05"]
[Round "-"]
[White "Kenny Elliott"]
[Black "Apocalypse"]
[Result "0-1"]
[WhiteCountry "USA"]
[BlackCountry "USA"]
[WhiteElo "1563"]
[WhiteRD "87"]
[BlackElo "2433"]
[BlackRD "104"]
[GameID "396123"]

1. d4 Nf6 2. c4 e6 3. Nc3 Bb4 4. Bd2 b6 5. Nf3 Bb7 6. e3 O-O 7. Be2 d5 8. O-O Bd6 9. Qc2 a6 10. a3 Nbd7
11. cxd5 exd5 12. h3 Ne4 13. Nxe4 dxe4 14. Ne1 a5 15. a4 Re8 16. b3 Bd5 17. f3 Qg5 18. f4 Qg3 19. Bg4 Nf6 20. Bf3 exf3
21. Nxf3 Bxf4 22. exf4 Re2 23. Be1 Qxg2#
0-1

[Event "Daro"]
[Site "SchemingMind.com"]
[Date "2016.03.05"]
[Round "-"]
[White "Apocalypse"]
[Black "Kenny Elliott"]
[Result "1-0"]
[WhiteCountry "USA"]
[BlackCountry "USA"]
[WhiteElo "2470"]
[WhiteRD "101"]
[BlackElo "1603"]
[BlackRD "88"]
[GameID "396124"]

1. d4 d5 2. Nf3 Nf6 3. e3 c6 4. Bd3 Bg4 5. b3 g6 6. Bb2 Bg7 7. Be2 Bxf3 8. Bxf3 Nbd7 9. c4 O-O 10. O-O dxc4
11. bxc4 Re8 12. g3 Rb8 13. Qc2 e5 14. Nd2 exd4 15. exd4 Qc8 16. Kg2 a6 17. Rae1 Qc7 18. Nb3 a5 19. h4 b6 20. Bc1 h5
21. Bf4 Qb7 22. Bxb8 Rxb8 23. c5 a4 24. Nd2 b5 25. Ne4 Nxe4 26. Qxe4 Nf6 27. Qxc6 Qxc6 28. Bxc6 a3 29. Re7 b4 30. Rb1 Bf8
31. Rb7 Rxb7 32. Bxb7
1-0

[Event "Daro"]
[Site "SchemingMind.com"]
[Date "2016.03.24"]
[Round "-"]
[White "redmike"]
[Black "JAHI"]
[Result "1-0"]
[WhiteCountry "SCO"]
[BlackCountry "INT"]
[WhiteElo "1907"]
[WhiteRD "65"]
[BlackElo "2113"]
[BlackRD "56"]
[GameID "397312"]

1. d4 g6 2. c4 Bg7 3. Nc3 d6 4. e4 e6 5. f4 e5 6. fxe5 dxe5 7. d5 f6 8. Nf3 f5 9. Bd3 f4 10. c5 g5
11. Qa4+ Kf7 12. O-O Kg6 13. g3 Bd7 14. Qc4 Nh6 15. gxf4 gxf4 16. Bxf4 exf4 17. e5+ Kf7 18. e6+ Ke8 19. exd7+ Kxd7 20. c6+ Kc8
21. cxb7+ Kxb7 22. Rac1 a6 23. Ne4 Ra7 24. Nc5+ Ka8 25. Ne6 Qd6 26. Nxc7+ Rxc7 27. Qxc7 Bf8 28. Kh1 Rg8 29. Qxh7 Rg7 30. Qe4 Re7
31. Qa4 Qxd5 32. Bxa6 Ra7 33. Bc4 Qxf3+ 34. Rxf3 Rxa4 35. Rxf4 Ka7 36. Rxf8 Nd7 37. Rh8 Ne5 38. Rh7+ Kb8 39. Be6 Nhf7 40. Bxf7 Nxf7
41. Rxf7 Rd4 42. Re1 Rd8 43. b4 Kc8 44. b5 Kb8 45. b6 Rc8 46. Ree7 Rd8 47. a4 Ka8 48. a5 Rd1+ 49. Kg2 Rd2+ 50. Kf3 Rd3+
51. Ke4 Rd8 52. a6 Kb8 53. Rb7+ Ka8 54. Ra7+ Kb8 55. Rfb7+ Kc8 56. Ra8#
1-0

[Event "Daro"]
[Site "SchemingMind.com"]
[Date "2016.03.24"]
[Round "-"]
[White "JAHI"]
[Black "redmike"]
[Result "1-0"]
[WhiteCountry "INT"]
[BlackCountry "SCO"]
[WhiteElo "2113"]
[WhiteRD "56"]
[BlackElo "1907"]
[BlackRD "65"]
[GameID "397313"]

1. g3 Nf6 2. Bg2 g6 3. d3 Bg7 4. e3 O-O 5. d4 c6 6. b3 d5 7. Bb2 Bf5 8. Nd2 Na6 9. a3 Nc7 10. Rc1 b5
11. h3 a5 12. g4 Bd7 13. c3 Nce8 14. c4 bxc4 15. bxc4 Rb8 16. Qc2 Nd6 17. c5 Nde4 18. Ne2 Nxd2 19. Kxd2 Ne4+ 20. Bxe4 dxe4
21. Bc3 e5 22. Qxe4 f5 23. Qg2 f4 24. Qe4 Be6 25. Qxc6 Bd5 26. Qd6 Bxh1 27. Rxh1 Qh4 28. Rh2 exd4 29. Bxd4 Bxd4 30. exd4 Rfe8
31. Qd5+ Kg7 32. Nxf4 Qe7 33. Qe5+ Qxe5 34. dxe5 Rxe5 35. Nd3 Rd5 36. Rg2 Rbd8 37. Rg3 Rxc5 38. Rg1 Rcd5 39. Rg3 Rd4 40. Kc3 Re4
41. Nc5 Rc8 42. Kd3 Re1 43. Kd2 Rce8 44. Rf3 R8e5 45. a4 Ra1 46. Rc3
1-0

[Event "Daro"]
[Site "SchemingMind.com"]
[Date "2016.03.31"]
[Round "-"]
[White "Quaff"]
[Black "Daniel Dubé"]
[Result "1-0"]
[WhiteCountry "ENG"]
[BlackCountry "CAN"]
[WhiteElo "1615"]
[WhiteRD "62"]
[BlackElo "1374"]
[BlackRD "121"]
[GameID "397384"]

1. e4 c5 2. f4 Nc6 3. Nf3 d6 4. Bb5 Bd7 5. O-O e6 6. c3 a6 7. Bxc6 Bxc6 8. d3 g6 9. Be3 Bg7 10. Nbd2 Ne7
11. e5 O-O 12. Nc4
1-0

[Event "Daro"]
[Site "SchemingMind.com"]
[Date "2016.03.30"]
[Round "-"]
[White "Daniel Dubé"]
[Black "Quaff"]
[Result "0-1"]
[WhiteCountry "CAN"]
[BlackCountry "ENG"]
[WhiteElo "1374"]
[WhiteRD "121"]
[BlackElo "1615"]
[BlackRD "62"]
[GameID "397385"]

1. e4 e5 2. Nf3 d6 3. Bc4 h6 4. d4 Bg4 5. dxe5 Bxf3 6. Qxf3 Qd7 7. O-O Nc6 8. Rd1 Nxe5 9. Qb3 Nxc4 10. Qxc4 O-O-O
11. Nc3 g5 12. Qd4 Bg7
0-1

[Event "Daro"]
[Site "SchemingMind.com"]
[Date "2016.04.02"]
[Round "-"]
[White "Robert Bruce"]
[Black "frankly"]
[Result "0-1"]
[WhiteCountry "SCO"]
[BlackCountry "ENG"]
[WhiteElo "2250"]
[WhiteRD "61"]
[BlackElo "2468"]
[BlackRD "55"]
[GameID "397582"]

1. d4 Nf6 2. Nf3 g6 3. Bg5 Bg7 4. Nbd2 O-O 5. c3 d6 6. e4 c5 7. dxc5 dxc5 8. Bc4 Nc6 9. Qe2 Qc7 10. O-O Na5
11. Bd3 Be6 12. Nc4 Nc6 13. Ne3 Rad8 14. Bc4 Qc8 15. Bxf6 Bxf6 16. Rad1 Bd7 17. h3 Bg7 18. Rd5 a6 19. Rxc5 e6 20. Bd3 Qb8
21. Nc4 h6 22. Ne3 b6 23. Rxc6 Bxc6 24. Nc2 b5 25. Ncd4 Bb7 26. e5 b4 27. cxb4 Rd7 28. Bc4 Rfd8 29. Nxe6 fxe6 30. Bxe6+ Kh7
31. Bxd7 Rxd7 32. e6 Re7 33. Re1 Qf4 34. b5 Bxf3 35. Qxf3 Qxf3 36. gxf3 axb5 37. b3 b4 38. Re4 Bc3 39. Kf1 Kg7 40. Ke2 Kf8
41. Kd3 Ra7 42. Rf4+ Ke8 43. Rg4 g5 44. f4 Rxa2 45. fxg5 hxg5 46. Rxg5 Rxf2 47. Rh5 Ke7 48. Rh6 Rf4 49. Ke3 Rd4 50. h4 Rd1
51. Rg6 Rb1 52. Kd3 Rxb3 53. h5 Be5+ 54. Kc4 Rb1 55. Rg5 Kxe6 56. Rg6+ Kf5 57. Rb6 Bc3 58. Rd6 Rh1 59. Rh6 Kg5 60. Rg6+ Kxh5
0-1

[Event "Daro"]
[Site "SchemingMind.com"]
[Date "2016.04.02"]
[Round "-"]
[White "frankly"]
[Black "Robert Bruce"]
[Result "1-0"]
[WhiteCountry "ENG"]
[BlackCountry "SCO"]
[WhiteElo "2468"]
[WhiteRD "55"]
[BlackElo "2250"]
[BlackRD "61"]
[GameID "397583"]

1. e4 Nf6 2. e5 Nd5 3. d4 d6 4. Nf3 dxe5 5. Nxe5 c6 6. Be2 Bf5 7. g4 Be6 8. c4 Nc7 9. h3 Nd7 10. Bf4 Nxe5
11. Bxe5 f6 12. Bh2 Qd7 13. Nc3 Bf7 14. Qb3 Rd8 15. Qxb7 Ne6 16. Qxd7+ Rxd7 17. d5 cxd5 18. O-O-O d4 19. Ne4 Rd8 20. c5 Bg6
21. Bc4 Bxe4 22. Bxe6 Bd5 23. Rhe1 Bxe6 24. Rxe6 h5 25. Bg3 Kf7 26. Ra6 e5 27. b4 Be7 28. Rxa7 h4 29. Bh2 Ra8 30. Rxa8 Rxa8
31. Kb2 Rb8 32. Ka3 Ke6 33. Rc1 Kd5 34. Kb3 Ke4 35. f4 d3 36. Kc3 Ra8 37. fxe5 Rxa2 38. c6 Ra3+ 39. Kc4 Ra2 40. Kb3 Ra8
41. c7 d2 42. Rd1 Ke3 43. b5 fxe5 44. b6 Bd6 45. b7 Ra3+ 46. Kb2 Bxc7 47. Kxa3 Ke2 48. Rh1 d1=Q 49. Rxd1 Kxd1 50. Kb3 Bb8
51. Kc4 Ke1 52. Kd5
1-0

[Event "Daro"]
[Site "SchemingMind.com"]
[Date "2016.04.20"]
[Round "-"]
[White "Jari Laine"]
[Black "emvarela"]
[Result "1-0"]
[WhiteCountry "FIN"]
[BlackCountry "ARG"]
[WhiteElo "2221"]
[WhiteRD "100"]
[BlackElo "1695"]
[BlackRD "48"]
[GameID "398263"]

1. e4 e5 2. Nf3 Nc6 3. d4 exd4 4. Nxd4 Qf6 5. Nb5 Kd8 6. Bd3 a6 7. N5c3 Bc5 8. O-O d6 9. Nd2 Be6 10. Nd5 Bxd5
11. exd5 Nb4 12. Ne4 Qe7 13. Re1 Nxd3 14. Qxd3 Ba7 15. Bg5
1-0

[Event "Daro"]
[Site "SchemingMind.com"]
[Date "2016.04.20"]
[Round "-"]
[White "emvarela"]
[Black "Jari Laine"]
[Result "0-1"]
[WhiteCountry "ARG"]
[BlackCountry "FIN"]
[WhiteElo "1693"]
[WhiteRD "50"]
[BlackElo "2243"]
[BlackRD "99"]
[GameID "398264"]

1. e4 e5 2. Nf3 Nc6 3. Bb5 a6 4. Bxc6 dxc6 5. O-O Bg4 6. h3 h5 7. d3 Qf6 8. Nbd2 Ne7 9. Re1 Ng6 10. Nf1 Bxf3
11. Qxf3 Qxf3 12. gxf3 O-O-O 13. Kg2 Nh4+ 14. Kg3 Be7 15. f4 Rd6 16. f5 g6 17. fxg6 Rxg6+
0-1

[Event "Daro"]
[Site "SchemingMind.com"]
[Date "2016.05.05"]
[Round "-"]
[White "unomas2013"]
[Black "clare1347"]
[Result "1-0"]
[WhiteCountry "ESP"]
[BlackCountry "ENG"]
[WhiteElo "2360"]
[WhiteRD "112"]
[BlackElo "2244"]
[BlackRD "87"]
[GameID "398725"]

1. e4 d5 2. exd5 Nf6 3. d4 Bg4 4. f3 Bf5 5. g4 Bg6 6. c4 c6 7. Qb3 Qc7 8. g5 Nh5 9. Ne2 e6 10. dxe6 Na6
11. a3 O-O-O 12. f4 fxe6 13. Bg2 h6 14. h4 hxg5 15. hxg5 c5 16. d5 exd5 17. Bxd5 Kb8 18. Qf3 Bd6 19. Nbc3 Qe7 20. Kf2 Rde8
21. Bd2 Bf7 22. Rae1 Bxd5 23. Nxd5 Qf7 24. Ndc3 g6 25. Ne4 Bc7 26. N2g3 Nxg3 27. Nxg3 Rhf8 28. Rxe8+ Rxe8 29. b3 Ka8 30. Ne4 Rd8
31. Be3 Qd7 32. Rh6 Qf5 33. Rh7 Rd7 34. Rxd7 Qxd7 35. Nf6 Qd3 36. Qe4 Qxb3 37. Qxg6 Qb2+ 38. Kg3
1-0

[Event "Daro"]
[Site "SchemingMind.com"]
[Date "2016.05.05"]
[Round "-"]
[White "clare1347"]
[Black "unomas2013"]
[Result "0-1"]
[WhiteCountry "ENG"]
[BlackCountry "ESP"]
[WhiteElo "2248"]
[WhiteRD "84"]
[BlackElo "2392"]
[BlackRD "102"]
[GameID "398726"]

1. d4 d5 2. c4 c6 3. Nf3 Nf6 4. Nc3 e6 5. Bg5 h6 6. Bxf6 Qxf6 7. e3 Nd7 8. Bd3 dxc4 9. Bxc4 Qd8 10. O-O Be7
11. Bd3 b6 12. Rc1 O-O 13. Bb1 Bb7 14. Qc2 g6 15. Rfd1 Kg7 16. a3 Rc8 17. Ne4 Qe8 18. b4 c5 19. bxc5 bxc5 20. Qb2 Bxe4
21. Bxe4 c4 22. d5+ Bf6 23. Qb4 Nb6 24. d6 Qd7 25. Bb1= c3 26. Bc2 Nd5 27. Qb3 Rb8 28. Qa4 Qxa4 29. Bxa4 Rb2 30. Bc2 Nb6
31. e4 Nc4 32. Ba4 Rd8 33. Re1 Ne5 34. Nxe5 Bxe5 35. d7 Bf4 36. Rb1 Bd6 37. g3 Bxa3 38. Kg2 Kf8 39. Rxb2 cxb2 40. Rb1 Ke7
41. Kf3 Rb8 42. Ke2 Rb4 43. Rd1 Kd8 44. Bc2 Rc4 45. Kd3 Rc7 46. f3 Kxd7 47. Re1 e5 48. Rb1 Ke7 49. h3 Kf6 50. h4 Rc6
51. Bb3 Rc1 52. Bc2 a5
0-1

[Event "Daro"]
[Site "SchemingMind.com"]
[Date "2016.05.07"]
[Round "-"]
[White "miriskra"]
[Black "Wojtek26"]
[Result "0-1"]
[WhiteCountry "WLS"]
[BlackCountry "POL"]
[WhiteElo "1575"]
[WhiteRD "71"]
[BlackElo "1571"]
[BlackRD "51"]
[GameID "398821"]

1. d4 d5 2. Nf3 Nf6 3. c4 e6 4. Nc3 Bb4 5. Bg5 dxc4 6. Qa4+ Nc6 7. e3 Bd7 8. Qc2 O-O 9. Bxc4 h6 10. Bh4 a6
11. O-O Re8 12. e4 b5 13. Be2 e5 14. Nd5 Be7 15. Nxe7+ Qxe7 16. dxe5 Nxe5 17. Qxc7 Nxf3+ 18. Bxf3 g5 19. Bg3 g4 20. e5 Nh5
21. Bxa8 Nxg3
0-1

[Event "Daro"]
[Site "SchemingMind.com"]
[Date "2016.05.07"]
[Round "-"]
[White "Wojtek26"]
[Black "miriskra"]
[Result "1-0"]
[WhiteCountry "POL"]
[BlackCountry "WLS"]
[WhiteElo "1571"]
[WhiteRD "51"]
[BlackElo "1575"]
[BlackRD "71"]
[GameID "398822"]

1. d4 d5 2. c4 c6 3. e3 Nf6 4. Nf3 Nbd7 5. c5 Qc7 6. Bd3 e5 7. dxe5 Nxe5 8. Nxe5 Qxe5 9. O-O Bxc5 10. Nc3 O-O
11. Ne2 Bg4 12. Qc2 Bd6 13. Ng3 h5 14. h3 Bd7 15. f4 Qe7 16. Nf5 Bxf5 17. Bxf5 Rae8 18. b3 Ne4 19. Bd2 g6 20. Bxe4 Qxe4
21. Qxe4 Rxe4 22. Rac1 Rfe8 23. g4 hxg4 24. hxg4 Bc7 25. Kf2
1-0

[Event "Daro"]
[Site "SchemingMind.com"]
[Date "2016.06.28"]
[Round "-"]
[White "Quaff"]
[Black "JAHI"]
[Result "0-1"]
[WhiteCountry "ENG"]
[BlackCountry "INT"]
[WhiteElo "1600"]
[WhiteRD "65"]
[BlackElo "1998"]
[BlackRD "58"]
[GameID "400786"]

1. e4 g6 2. d4 Bg7 3. Nf3 c6 4. Bd3 a6 5. Be3 a5 6. Nc3 b6 7. h3 Na6 8. a3 h6 9. O-O h5 10. Nh2 Nh6
11. Bxh6 Rxh6 12. Bxa6 Bxa6 13. Re1 d6 14. f4 Kf8 15. f5 gxf5 16. exf5 Qd7 17. Ne4 Qxf5 18. b3 Re6 19. Ng3 Rxe1+ 20. Qxe1 Bxd4+
21. Kh1 Qe5 22. Qxe5 Bxe5 23. Nxh5 Bxa1
0-1